000 00547nam a2200193Ia 4500
005 20260120131804.0
008 008 260114s9999 xx 000 0 eng d
020 _a9781383010787
037 _aEBOOK
040 _aCRL
_beng
_cCRL
041 _aeng
_2eng
084 _qCRL
100 _aLangford
_9931211
245 2 _aA Polite and Commercial People England 1727-1783
260 _bOxford University PressOxford University Press
_c2023
856 _uhttps://academic.oup.com/book/47246
942 _cEBOOK
999 _c1523133
_d1523133